000 006310000a22002050004500
020 _a9972-701-33-6
041 0 _aSPA
082 0 4 _aG 232.904 C8431j
100 1 _aCoté, Jim
245 1 0 _aEl liderazgo de Jesús : Principios de una vida exitosa / Jim Coté ; Adriana Powell, Traductor
260 _aLima, Perú : Puma
300 _a176 Pag
500 _aTítulo original : Man of influence, following the master, leaving a legacy
650 1 4 _aJESUCRISTO \ VIDA CRISTIANA
001 4059
942 _cBK
999 _c34674
_d34674
336 _atexto
_btxt
_2rdacontent
337 _2rdamedia
_asin mediación
_bn
338 _2rdacarrier
_avolumen
_bnc